Valle del Río Cimitarra (Registro nro. 3465)
[ vista simple ]
| 000 -CABECERA | |
|---|---|
| Campo de control | 01371cam a2200301 4500 |
| 005 - FECHA Y HORA DE LA ULTIMA TRANSACCION | |
| Campo de control | 20191213042002.0 |
| 008 - ELEMENTOS DE LONGITUD FIJA—INFORMACION GENERAL | |
| Campo de control | 030717s2003 ck abd r 001 0 spa d |
| 020 ## - ISBN | |
| ISBN | 9586833925 |
| 040 ## - FUENTE DE CATALOGACIÓN | |
| Agencia catalogadora original | CO-BoPUJ |
| Agencia transcriptora | CO-BoIAVH |
| Agencia Modificadora | CO-BoIAVH |
| 041 0# - IDIOMA | |
| Código de idioma para texto/pista de sonido o título separado | Español |
| 044 ## - PAÍS DE PUBLICACIÓN | |
| País de publicación | Colombia |
| 082 04 - NUMERO DE CLASIFICACION DECIMAL DEWEY | |
| Número de clasificación | 333.75068 |
| Número del ítem | D49v |
| 100 1# - ASIENTO PRINCIPAL--NOMBRE PERSONAL | |
| Nombre personal | Devia Castillo, Carlos Alfonso |
| Término relacionado | autor |
| 9 (RLIN) | 14458 |
| 245 10 - MENCION DE TITULO | |
| Título | Valle del Río Cimitarra |
| Parte restante del título | hacia una propuesta de manejo sostenible del bosque |
| Mención de responsabilidad | Carlos Alfonso Devia Castillo [y otros 4] |
| 250 ## - MENCION DE EDICION | |
| Mención de edición | Primera edición |
| 260 ## - PUBLICACION, DISTRIBUCION, ETC. (PIE DE IMPRENTA) | |
| Lugar de publicación, distribución, etc. | Bogotá : |
| Nombre del editor, distribuidor, etc. | Pontificia Universidad Javeriana, |
| Fecha de publicación, distribución, etc. | 2003. |
| 300 ## - DESCRIPCION FISICA | |
| Extensión | 246 páginas : |
| Otros detalles físicos | ilustraciones, mapas (algunos a color) y tablas ; |
| Dimensiones | 24 x 16 cm. |
| 504 ## - NOTA DE BIBLIOGRAFIA, ETC. | |
| Nota de bibliografía | Incluye referencias bibliográficas: páginas 245-246, e índice. |
| 650 26 - ASIENTO SECUNDARIO DE MATERIA - TERMINO TEMATICO | |
| Término temático o nombre geográfico como elemento de entrada | Desarrollo económico |
| Subdivisión general | Aspectos ambientales |
| Subdivisión geográfica | Valle del río cimitarra (Colombia) |
| 9 (RLIN) | 72694 |
| 650 26 - ASIENTO SECUNDARIO DE MATERIA - TERMINO TEMATICO | |
| Término temático o nombre geográfico como elemento de entrada | Planificación regional |
| Subdivisión geográfica | Magdalena medio (Colombia) |
| 9 (RLIN) | 72695 |
| 650 26 - ASIENTO SECUNDARIO DE MATERIA - TERMINO TEMATICO | |
| Término temático o nombre geográfico como elemento de entrada | Ecología forestal |
| Subdivisión geográfica | Magdalena medio (Colombia) |
| 9 (RLIN) | 72696 |
| 700 1# - ASIENTO SECUNDARIO - NOMBRE PERSONAL | |
| Nombre personal | Maya Velez, Diana Lucía |
| Término de relación | autora |
| 9 (RLIN) | 29009 |
| 700 1# - ASIENTO SECUNDARIO - NOMBRE PERSONAL | |
| Nombre personal | Córdoba Rojas, Lilia Mercedes |
| Término de relación | autora |
| 9 (RLIN) | 72697 |
| 700 1# - ASIENTO SECUNDARIO - NOMBRE PERSONAL | |
| Nombre personal | Villa Durán, Luis Alberto |
| Término de relación | autor |
| 9 (RLIN) | 44316 |
| 700 1# - ASIENTO SECUNDARIO - NOMBRE PERSONAL | |
| Nombre personal | Herazo Cueto, Benjamín José |
| Término de relación | autor |
| 9 (RLIN) | 72698 |
| 710 2# - ASIENTO SECUNDARIO - NOMBRE CORPORATIVO | |
| Nombre corporativo o de jurisdicción como elemento de entrada | Pontificia Universidad Javeriana |
| Unidad subordinada | Facultad de Estudios Ambientales y Rurales |
| 9 (RLIN) | 102092 |
| 942 ## - ELEMENTOS ADICIONALES (KOHA) | |
| Sistema de clasificación | Dewey Decimal Classification |
| Tipo de ítem | Libro |
| Withdrawn status | Lost status | Sistema de Clasificación | Damaged status | No para préstamo | Colección | Inventariado | Ubicación Permanente | Ubicación actual | Fecha de adquisición | Fuente de Valor | Valor | Total Checkouts | Número topográfico | Inventario / Código de Barras | Date last seen | Ejemplar | Price effective from | Forma de adquisición | Tipo de material |
|---|---|---|---|---|---|---|---|---|---|---|---|---|---|---|---|---|---|---|---|
| Dewey Decimal Classification | General | Inventariado 2017 | Bogotá | Bogotá | 04/12/2012 | Instituto | 15000.00 | LB-333.75068 D49v | 003757 | 04/12/2012 | Ej. 1 | 04/12/2012 | Donación | Libro |